000 00263nam a22001097a 4500
008 170118b xxu||||| |||| 00| 0 eng d
020 _a9780833091635
041 _aeng
080 _a618.2
245 _aDEMYSTIFYING THE CITIZEN SOLDIER
_cCOHEN, R.S
942 _2udc
_cBK
999 _c3055
_d3055